00808cam a2200217 a 450000100100000000500170001000800410002704000290006805000220009708200150011910000440013424500810017826000370025930000260029649000440032283000510036691000280041704900090044595201190045499900170057300001796020200929165309.0870505s1965 it 000 0 ita d aDO-SdBNPbitacLCdBNPHU00aPQ4803b.F46 1967 ann*bD188f1 aD'Annunzio, Gabriele,d1863-193893894213aLa figlia di Iorio :btragedia pastorale in tre atti /cGabriele D'Annunzio. a[Milano] :bA. Mondadori,c1965. a123, [5] p. ;c21 cm.1 aOpere scelte di Gabriele d'Annunzio,v3 0aOpere scelte di Gabriele d'Annunzio,v3938943 aCatalogación derivada aBNGR 001054708MOaGRbGRcCTd2010-04-07iLF1l0onn* D188fp17960-10r2020-06-25w2020-06-25y4ZPréstamo en sala c17484d17484